000 00495nam a2200169Ia 4500
008 090711s9999 xx 000 0 und d
082 _b537
100 _aशेट्ये वि. गो.
245 _aलोकशासन
260 _b"यशवंत प्रेस,"
_c1919
300 _a116
600 _aशेट्ये वि. गो.
630 _aलोकशासन
700 _aशेट्ये वि. गो.
730 _aलोकशासन
942 _cBOOK
999 _c301082
_d301082